LIBRARY & INFORMATION CENTRE, KCAET, TAVANUR

ONLINE PUBLIC ACCESS CATALOGUE (OPAC)

Repair shop electrician / (Record no. 1418)

MARC details
000 -LEADER
fixed length control field 00474cam a2200193ua 4500
041 ## - LANGUAGE CODE
Language code of text/sound track or separate title eng
082 ## - DEWEY DECIMAL CLASSIFICATION NUMBER
Classification number 621.31924
Item number VAR/RE
100 ## - MAIN ENTRY--AUTHOR NAME
Personal name Varthanov, G.
245 ## - TITLE STATEMENT
Title Repair shop electrician /
260 ## - PUBLICATION, DISTRIBUTION, ETC. (IMPRINT)
Place of publication Moscow :
Name of publisher Peace Publishers ,
Year of publication 1985.
300 ## - PHYSICAL DESCRIPTION
Number of Pages 266 ; .
700 1# - ADDED ENTRY--PERSONAL NAME
Personal name Serebryakov, .
700 1# - ADDED ENTRY--PERSONAL NAME
Personal name Verner, V.
942 ## - ADDED ENTRY ELEMENTS (KOHA)
Koha item type Books
Holdings
Withdrawn status Lost status Damaged status Home library Current library Date acquired Full call number Accession Number Koha item type
Withdrawn   Damaged KAUAET KAUAET 07/04/2012 621.31924 1037 Books
free website counter